What's your poison? (Record no. 74852)

MARC details
000 -LEADER
fixed length control field 01206cab a2200241 4500
001 - CONTROL NUMBER
control field ABS68737
008 - FIXED-LENGTH DATA ELEMENTS--GENERAL INFORMATION
fixed length control field 050228n2005 000 0 eng u
035 ## - SYSTEM CONTROL NUMBER
System control number (Sirsi) u128902
100 ## - MAIN ENTRY--PERSONAL NAME
Personal name Hughes, J.
245 ## - TITLE STATEMENT
Title What's your poison?
260 ## - PUBLICATION, DISTRIBUTION, ETC.
Date of publication, distribution, etc. 2005
490 ## - SERIES STATEMENT
Series statement Building
Volume/sequential designation 270(8366) 28 February 2005, 56-57(2)
520 ## - SUMMARY, ETC.
Summary, etc. Mentions the devastation caused by asbestos in the UK and then concentrates on other potential dangers. These include the problems of nanotechnology which can create nanoparticles and behave in unusual and hazardous ways. Toxic mould is also a problem which is spread through air conditioning systems and has proved very costly in the USA. The Health and Safety Executive suggests that another dangerous substance is silica and around 100 000 workers are exposed to it in the UK but its ill effects are negligible if correct rules are followed by employers.
590 ## - LOCAL NOTE (RLIN)
Local note ABS
650 ## - SUBJECT ADDED ENTRY--TOPICAL TERM
Topical term or geographic name entry element MANAGEMENT-HEALTH AND SAFETY-HAZARDOUS SUBSTANCES-ASBESTOS
650 ## - SUBJECT ADDED ENTRY--TOPICAL TERM
Topical term or geographic name entry element CONSTRUCTION INSURANCE
650 ## - SUBJECT ADDED ENTRY--TOPICAL TERM
Topical term or geographic name entry element TOXIC MOULD
650 ## - SUBJECT ADDED ENTRY--TOPICAL TERM
Topical term or geographic name entry element STACHYBOTRYS CHARTARUM
650 ## - SUBJECT ADDED ENTRY--TOPICAL TERM
Topical term or geographic name entry element SILICA DUST
650 ## - SUBJECT ADDED ENTRY--TOPICAL TERM
Topical term or geographic name entry element HAZARDOUS SUBSTANCES
690 ## - LOCAL SUBJECT ADDED ENTRY--TOPICAL TERM (OCLC, RLIN)
Topical term or geographic name as entry element Health and safety
9 (RLIN) 6244
942 ## - ADDED ENTRY ELEMENTS (KOHA)
Suppress in OPAC 0
Holdings
Withdrawn status Lost status Source of classification or shelving scheme Damaged status Not for loan Home library Current library Shelving location Date acquired Total Checkouts Full call number Barcode Date last seen Copy number Price effective from Koha item type
    Dewey Decimal Classification     London London Journal article 28/02/2005   ABS68737 128902-1001 06/08/2019 1 06/08/2019 Journal article